¿Quién se ha llevado mi queso?: Una manera sorprendente de afrontar el cambio en el trabajo y en la vida privada.

Сохранить в:
Библиографические подробности
Главный автор: Johnson, Spencer (autor)
Формат:
Язык:испанский
Опубликовано: Barcelona, España: Urano, 1999.
Редактирование:10a. edición.
Серии:Colección Empresa XXI
Предметы:
Метки: Добавить метку
Нет меток, Требуется 1-ая метка записи!

MARC

LEADER 00000nam a2200000 a 4500
001 UCN1084
003 CL-VaPUC
005 20240910111540.0
008 010420t19990000SP |||||||||||||||||spa|d
999 |c 294669  |d 294667 
020 |a 8479533382 
040 |c Pontificia Universidad Católica de Valparaíso 
082 0 7 |a 303.4 JOH 1999  |2 22 
100 |a Johnson, Spencer  |e autor  |9 590875 
245 1 0 |a ¿Quién se ha llevado mi queso?:   |b Una manera sorprendente de afrontar el cambio en el trabajo y en la vida privada. 
250 |a 10a. edición. 
260 |a Barcelona, España:  |b Urano,  |c 1999. 
300 |a 93 páginas. 
490 0 |a Colección Empresa XXI 
500 |a c.1 donación memo de Biblioteca de Educación 14 de agosto de 2024. 
583 |a last modification  |c 20170406 03:01:29  |k Rodrigo Vera 
650 0 |a Cambio social   |9 256857 
650 0 |a Cambio organizacional   |9 260741 
650 0 |a Adaptación psicológica  |9 362279 
942 |c BK  |2 ddc 
945 |d 20010420 00:00:00  |a cmena 
952 |0 0  |1 0  |4 0  |6 303_400000000000000_JOH_1999  |7 0  |8 A  |9 347319  |a BIBING  |b BIBING  |d 2019-11-20  |i 3700267  |o 303.4 JOH 1999  |p 3700267  |r 2025-01-20  |w 2019-11-20  |y BK  |k EIQ 
952 |0 0  |1 0  |4 0  |6 303_400000000000000_JOH_1999  |7 0  |8 A  |9 347320  |a BIBENE  |b BIBENE  |d 2019-11-20  |i 3713660  |o 303.4 JOH 1999  |p 3713660  |r 2025-01-15  |w 2019-11-20  |y BK  |k ICO 
952 |0 0  |1 0  |2 ddc  |4 0  |6 303_400000000000000_JOH_1999  |7 0  |8 A  |9 596364  |a BIBEDU  |b BIBEDU  |d 2024-08-22  |e Donación  |i 5662466  |o 303.4 JOH 1999  |p 5662466  |r 2024-08-22  |t 3  |w 2024-08-22  |y BK  |k PSI